Learn Tally. ERP9; (Record no. 191229)

MARC details
000 -LEADER
fixed length control field 00641nam a22001817a 4500
005 - DATE AND TIME OF LATEST TRANSACTION
control field 20220823145429.0
010 ## - LCCN (DPL NO)
LC control number ENG-134551
020 ## - INTERNATIONAL STANDARD BOOK NUMBER
International Standard Book Number 9789384726676
Terms of availability 1995.00
035 ## - SYSTEM CONTROL NUMBER
System control number EN-118083
037 ## - SOURCE OF ACQUISITION
Source of stock number/acquisition DBAD/PUB
082 ## - DEWEY DECIMAL CLASSIFICATION NUMBER
Classification number 658.4038011
100 ## - MAIN ENTRY--PERSONAL NAME
Personal name Chheda, Rajesh U
245 ## - TITLE STATEMENT
Title Learn Tally. ERP9;
Remainder of title With GST
Statement of responsibility, etc Rajesh U. Chheda
260 ## - PUBLICATION, DISTRIBUTION, ETC. (IMPRINT)
Place of publication, distribution, etc New Delhi
Name of publisher, distributor, etc Ane Books pvt ltd.
Date of publication, distribution, etc 2017
270 ## - ADDRESS
Address 4821, Parwana Bhawan, 1st floor,24 Ansari Road, darya Ganj
City New Delhi
Postal code 110002
Telephone number +91(011)-23276843-44
Fax number +91(011)-23276863
Electronic mail address kapoor@anebooks.com
300 ## - PHYSICAL DESCRIPTION
Extent xi: 313p.
Other physical details Index
Dimensions 24cm(hb)
942 ## - ADDED ENTRY ELEMENTS (KOHA)
Source of classification or shelving scheme Dewey Decimal Classification
Item type English Books
Classification part 658.4038011
Call number suffix CHH
Holdings
Withdrawn status Lost status Not for loan Collection code Home library Current library Date acquired Source of acquisition Cost, normal purchase price Full call number Barcode Copy number Cost, replacement price Koha item type
      Non-fiction Ashok Vihar Ashok Vihar 23/08/2022 DBAD/PUB 1995.00 658.4038011 CHH EN-118083 1 1995.00 English Books

© Delhi Public Library
Hit Counter
free hit counter